| 000 | 00679nas a2200229 4500 | ||
|---|---|---|---|
| 001 | BR0904420 | ||
| 003 | BR-BrBNA | ||
| 005 | 20231205113318.0 | ||
| 007 | ta | ||
| 008 | 230509b bl.|||p| |||| 00| 00por d | ||
| 040 |
_aBR-BrBNA _bpor _cBiblioteca Nacional de Agricultura |
||
| 041 | _a(Pt) | ||
| 072 | _aH10 | ||
| 100 | 1 | _aGoulart, A.M.C. | |
| 100 | 1 | _aMonteiro, A.R. | |
| 245 | 1 | _aResistência do limão-cravo a Rotylenchulus reniformis. | |
| 650 | _aLIMÃO-CRAVO | ||
| 650 | _aPRAGA DE PLANTA | ||
| 773 | 0 |
_tNematologia Brasileira (Brazil) _xISSN 0102-2997 _g(1995), v. 19(1/2) p. 86-88 _wBR0904420 |
|
| 909 |
_a202311 _bLúcia _c55 _dLúcia Elande |
||
| 942 |
_2AGRIS _n0 _cANA |
||
| 999 |
_c203058 _d203058 |
||